000
00336 a2200157 4500
001
114090
041
_a
por
090
_a
COMPUTADOR DELL D13S
245
1
0
_a
Computador Dell D13S
250
_a
. ed.
300
_a
[s.l.]
856
_u
000011/00001111.jpg
040
_a
BR-BrIDEA
_c
BR-BrIDEA
260
_a
[S.l.]
_c
2018
942
_c
DE
999
_c
114090
_d
114090